La Santa Biblia / (Record no. 152085)

MARC details
000 -LEADER
campo de control de longitud fija 00788nam a2200217 i 4500
001 - NÚMERO DE CONTROL
campo de control 152085
003 - IDENTIFICADOR DE NÚMERO DE CONTROL
campo de control ES-MaACL
005 - FECHA Y HORA DE LA ÚLTIMA TRANSACCIÓN
campo de control 20250819002058.0
008 - DATOS DE LONGITUD FIJA--INFORMACIÓN GENERAL
campo de control de longitud fija 931025m18521854sp |||| | spa d
130 0# - ENTRADA PRINCIPAL--TÍTULO UNIFORME
Título uniforme Biblia.
Lenguaje de la obra Español
9 (RLIN) 119282
245 13 - MENCIÓN DEL TÍTULO
Título La Santa Biblia /
Mención de responsabilidad, etc. traducida al español de la Vulgata latina y anotada conforme al sentido de los Santos Padres ... por Felipe Scio de S. Miguel.
260 ## - PUBLICACIÓN, DISTRIBUCIÓN, ETC.
Lugar de publicación, distribución, etc. Madrid :
Nombre del editor, distribuidor, etc. Gaspar y Roig, editores,
Fecha de publicación, distribución, etc. 1852-1854.
300 ## - DESCRIPCIÓN FÍSICA
Extensión 5 v. :
Otras características físicas il. ;
Dimensiones 27 cm.
490 1# - MENCIÓN DE SERIE
Mención de serie Biblioteca ilustrada
630 04 - PUNTO DE ACCESO ADICIONAL DE MATERIA--TÍTULO UNIFORME
Título uniforme Biblia
9 (RLIN) 119237
700 1# - ENTRADA AGREGADA--NOMBRE PERSONAL
Nombre de persona Scio de San Miguel, Felipe,
Fechas asociadas al nombre 1738-1796
9 (RLIN) 104930
830 0# - PUNTO DE ACCESO ADICIONAL DE SERIE-TÍTULO UNIFORME
Título uniforme Biblioteca ilustrada
9 (RLIN) 188280
852 ## - LOCALIZACIÓN
Ubicación ES-MaACL
Número de control de estantería C-1704-08
Nota libre -- Enc. hol.
Holdings
Estatus retirado Estado de pérdida Estado de daño No para préstamo Colección Biblioteca de origen Biblioteca actual Ubicación en estantería Fecha de adquisición Total de préstamos Signatura topográfica completa Código de barras Visto por última vez Precio de reemplazo Tipo de ítem Koha
        Libros del s. XIX Biblioteca del Ateneo de Madrid Biblioteca del Ateneo de Madrid Sala Palomar 17/01/2008   C-1704-08 1158753 23/02/2023 23/02/2023 Libro impreso antiguo